00769nam a2200241 a 4500001001300000003000900013005001700022008004100039020002300080082001600103100002300119245007500142260004300217300000900260500003500269505001700304650002200321700002300343902000800366942000700374952012900381999001700510nice12345678IN_TiNIC20260116014025.0080623s2003 lona grp 000 0 eng  a0415314151 c99500a320.54bMON aMondal, Anshuman A aNationalism and Post-Colonial Identityb Culture and Ideology in India aLondon bRoutledge Chapman Hall c2003 a288p aincludes index and biblioraphy2 anotes, index aNationalism-India1 aMondal, Anshuman A bSRS cBK 001040708StackRoom-aHMIbHMId2012-03-07g995.00l1o320.54 MONp022437r2020-02-27s2020-02-20v995.00w2008-06-23yBK c13548d13548